| 000 | 00657cam a2200205 4500 | ||
|---|---|---|---|
| 001 | J1583 | ||
| 008 | 090401t1993 xxu||||| |||| 00| 0 eng d | ||
| 035 | _a(Sirsi) u44328 | ||
| 041 | _aeng | ||
| 110 |
_aEurope _bEuropean Communities Commission _9698 |
||
| 245 | _aCommission Decision of 9 February 1993 amending Annex 1 to Council Regulation (EEC) No 807/89 for Community surveys on the structure of agricultural holdings in the period 1996 to 1997. | ||
| 260 | _c1993 | ||
| 300 | _a(10)p. ; 30cm. | ||
| 350 | _a0 | ||
| 650 | _aAGRICULTURAL HOLDINGS | ||
| 650 | _aEC DECISIONS | ||
| 650 | _aEUROPEAN COMMUNITY | ||
| 942 | _n0 | ||
| 948 | _c04/03/1997 | ||
| 999 |
_c91491 _d91491 |
||